Manual of Cardiovascular Medicine (Record no. 33733)

MARC details
000 -LEADER
fixed length control field 00487nam a22001937a 4500
005 - DATE AND TIME OF LATEST TRANSACTION
control field 20231002102840.0
008 - FIXED-LENGTH DATA ELEMENTS--GENERAL INFORMATION
fixed length control field 230927b |||||||| |||| 00| 0 eng d
020 ## - INTERNATIONAL STANDARD BOOK NUMBER
ISBN 9788184731514
082 ## - DEWEY DECIMAL CLASSIFICATION NUMBER
Classification number 616.12
Item number GRI-M
100 ## - MAIN ENTRY--AUTHOR
Author Name Griffin,Brain P.
245 ## - TITLE STATEMENT
Title Manual of Cardiovascular Medicine
250 ## - EDITION STATEMENT
Edition statement 3rd.ed
260 ## - PUBLICATION, DISTRIBUTION, ETC.
Place of Publication India
Name of publisher, distributor, etc. Lippincott William & Wilkins
Date of publication, distribution, etc. 2009
300 ## - PHYSICAL DESCRIPTION
Pages 1015
500 ## - GENERAL NOTE
General note Include Index
650 ## - SUBJECT ADDED ENTRY--TOPICAL TERM
Subject / Department Medical
700 ## - ADDED ENTRY--PERSONAL NAME
Personal name Brain P.Griffin
952 ## - LOCATION AND ITEM INFORMATION (KOHA)
-- 0
-- 0
Holdings
Lost status Damaged status Collection code Permanent Location Current Location Shelving Location Date acquired Full Call Number Accession No./Barcode Date last seen item type
      Superior Information Resource Center (SIRC) Superior University- Main Campus Superior Information Resource Center (SIRC) Superior University- Main Campus Medical 09/27/2023 616.12 GRI-M 2009 20617 09/27/2023 BOOK

Powered by Koha